Sports Quiz

Random Sports or Minefield Quiz

Gold Medal Minefield! Quiz Stats

 Plays Quiz not verified by Sporcle

Challenge
Share
Tweet
Embed
Score 0/55 Timer 05:00
0 Plays Today
Golds Nation % Correct
46???
87.8%
29???
85.4%
38???
84.5%
24???
72.2%
11???
72.2%
11???
70.1%
7???
62.4%
7???
57%
13???
55.8%
3???
53.4%
8???
53.1%
4???
47.2%
1???
46%
5???
43.6%
3???
43.3%
6???
40.3%
2???
39.1%
1???
38.2%
7???
34.3%
4???
30.7%
6???
30.1%
3???
29.9%
8???
29%
1???
28.4%
1???
28.1%
3???
27.2%
1???
27.2%
5???
25.1%
Golds Nation % Correct
2???
24.5%
3???
22.1%
1???
21.8%
1???
20.9%
4???
20%
2???
18.8%
2???
18.8%
4???
17.6%
2???
17.6%
2???
16.7%
1???
16.4%
2???
15.8%
1???
14.6%
3???
14.3%
1???
13.1%
2???
12.8%
1???
11.9%
1???
10.7%
1???
10.1%
2???
9%
1???
8.1%
1???
6.6%
1???
6%
1???
6%
1???
5.7%
1???
5.1%
Go for the gold!???
0%

You're not logged in!

Compare scores with friends on all Sporcle quizzes.
OR
Log In

You Might Also Like...

Show Comments

Extras

Top Quizzes Today


Score Distribution

Your Account Isn't Verified!

In order to create a playlist on Sporcle, you need to verify the email address you used during registration. Go to your Sporcle Settings to finish the process.

Report this User

Report this user for behavior that violates our Community Guidelines.

Details: